[Event "Salta Rodriguez Memorial"]
[Site "Salta"]
[Date "2017.04.15"]
[Round "6.4"]
[White "Saravia, Flavio"]
[Black "Leal, Martin Mauricio"]
[Result "0-1"]
[WhiteElo "1863"]
[BlackElo "2066"]
[PlyCount "104"]
[EventDate "2017.04.13"]
[EventType "swiss"]
[EventRounds "7"]
[EventCountry "ARG"]
[SourceTitle "EXT 2024"]
[Source "ChessBase"]
[SourceDate "2023.10.10"]
[SourceVersion "1"]
[SourceVersionDate "2023.10.10"]
[SourceQuality "1"]

1. e4 e5 2. Nf3 Nc6 3. Bc4 Bc5 4. c3 Nf6 5. d4 exd4 6. cxd4 Bb4+ 7. Bd2 Bxd2+ 8. Nbxd2 d5 9. exd5 Nxd5 10. Qb3 Na5 11. Qa4+ c6 12. Bxd5 Qxd5 13. Qb4 Be6 14. 0-0 0-0-0 15. Rfc1 b6 16. Qe7 Rd7 17. Qh4 f6 18. Qg3 Nb7 19. b4 Rc7 20. a4 Qd6 21. b5 Qxg3 22. fxg3 Bd5 23. bxc6 Na5 24. Ra3 Rxc6 25. Re1 Rd8 26. g4 Nc4 27. Rd3 Nxd2 28. Rxd2 Rc4 29. Re7 Rd7 30. Re8+ Kb7 31. a5 b5 32. Rb2 Ka6 33. Rb8 Rb7 34. Rd8 Bxf3 35. gxf3 Kxa5 36. Kf2 Kb6 37. Ke3 a5 38. Kd3 Rcc7 39. Rd6+ Ka7 40. Rd5 Ka6 41. Re2 a4 42. Rd8 Ka5 43. Ra8+ Ra7 44. Rb8 a3 45. d5 Rab7 46. d6 Rxb8 47. dxc7 Rc8 48. Rc2 b4 49. Rc5+ Kb6 50. Rc4 Kb5 51. Kd4 a2 52. Rc5+ Kb6 0-1